So Long, London - Taylor Swift (All Lyrics) - Statistics

General Stats
  • This quiz has been taken 2,837 times
    2,821 since last reset
  • The average score is 298 of 376
Answer Stats
Lyrics % Correct
I
99%
London
99%
(London)
99%
long
99%
(Long),
99%
long,
99%
So
99%
(So)
99%
so
99%
a
98%
(A)
98%
A
98%
the
97%
The
97%
(The)
97%
in
95%
my
95%
My
95%
you
95%
You
95%
and
92%
And
92%
go
92%
me?
92%
me
92%
me,
92%
to
92%
we
92%
for
91%
For
91%
he
91%
it
90%
love
90%
on
90%
was
90%
But
89%
but
89%
of
89%
I'm
88%
(I'm)
88%
your
88%
be
87%
had
87%
Had
87%
(Had)
87%
us
87%
did
86%
Did
86%
no
86%
find
85%
(Find)
85%
someone
85%
how
84%
How
84%
loved
84%
think
84%
Think
84%
day
83%
one
83%
(One)
83%
that
83%
free
82%
Just
82%
just
82%
much
82%
sad
82%
this
82%
You'll
82%
(You'll)
82%
where
81%
not
80%
(Not)
80%
with
80%
all
79%
all,
79%
down
79%
going
79%
said
79%
tragedy
79%
tragedy?
79%
place
78%
ship
78%
were
78%
back
77%
'cause
77%
saw,
77%
say
77%
as
76%
into
76%
mind,
76%
color
75%
face
75%
mad
75%
Oh,
75%
Every
74%
getting
74%
I'd
74%
I'll
74%
you're
74%
died
73%
hell
73%
through
73%
waitin'
73%
When
73%
abandoned
72%
clues?
72%
good
72%
(Good)
72%
there
72%
it's
71%
lights
71%
like
71%
mist
71%
affair
70%
altar
70%
days
70%
fairy
69%
friends
69%
if
69%
proof
69%
right
69%
run
69%
(Run)
69%
up
69%
bluest
68%
isn't
68%
scared
68%
at
67%
breath
67%
from
67%
kept
67%
stopped
67%
Two
67%
(Two)
67%
by
66%
feels
66%
grip
66%
him
66%
air
65%
dying
65%
hill
65%
knuckle
65%
sure
65%
tight
65%
time
65%
wants
65%
white
65%
after
64%
use
64%
away
63%
graves,
63%
graves
63%
(Graves),
63%
gun
63%
(Gun)
63%
undone
63%
(Undone)
63%
youth
63%
about
62%
carrying
62%
CPR,
62%
have
62%
left
62%
out
62%
didn't
61%
gods
61%
never
61%
off
61%
things
61%
carried
60%
great
60%
house
60%
low
60%
man
60%
rift
60%
Stitches
60%
(Stitches)
60%
swore
60%
give
59%
Holding
59%
rarest
59%
let
58%
self
58%
weight
58%
bones
57%
chill
57%
come
57%
driftin'
57%
each
57%
gone,
57%
heard
57%
moment
57%
(Moment)
57%
sacrificed
57%
she's
57%
spine
57%
calm
56%
club
56%
odd
55%
pissed
55%
would
55%
knew,
54%
quiet
54%
safe
54%
Heath
53%
implode?
53%
make
53%
resentment
53%
tighter
52%
laugh,
51%
spirit
51%
split
51%
drill
50%
opt
50%
Pulled
50%
clothes,
49%
founded
49%
Wet
48%
caught
47%
weary
47%
'fore
46%
'Fore
46%
sun
44%
(Sun)
44%
Thinkin',
44%
warm
42%
tryna
36%
No matching quizzes found
Score Distribution
Percent of People with Each Score
Percentile by Number Answered
Your Score History
You have not taken this quiz since the last reset